000
00269nam a2200121Ia 4500
005
20251222140053.0
008
251222s1900||||xx |||||||||||||| ||spa||
082
_a
113.8/G45
100
_a
Gilson, Étienne
245
0
_a
Jean Duns Scot.
264
_b
Herder
942
_c
LIB
999
_c
3654
_d
3654